Normal view
MARC view
Entry Personal Name
001 - CONTROL NUMBER
- control field: 14335
003 - CONTROL NUMBER IDENTIFIER
- control field: dpl
005 - DATE AND TIME OF LATEST TRANSACTION
- control field: 20100817122940.0
008 - FIXED-LENGTH DATA ELEMENTS
- fixed length control field: 100817|||a|||||| | ||| d
040 ## - CATALOGING SOURCE
- Original cataloging agency: dpl
- Transcribing agency: dpl
100 ## - HEADING--PERSONAL NAME
- Personal name: Dannenbaum,Tom
670 ## - SOURCE DATA FOUND
- Source citation: Work cat.: (dpl)42003: Dannenbaum,Tom, Combating sexual harassment at the workplace :, 2005
670 ## - SOURCE DATA FOUND
- Source citation: Work cat.: (dpl)42003: Dannenbaum,Tom, Combating sexual harassment at the workplace :, 2005
